Normal view
MARC view
Entry Personal Name
001 - CONTROL NUMBER
- control field: 11914
003 - CONTROL NUMBER IDENTIFIER
- control field: BD-RjUL
005 - DATE AND TIME OF LATEST TRANSACTION
- control field: 20240225160356.0
008 - FIXED-LENGTH DATA ELEMENTS
- fixed length control field: 240225|| aca||aabn | a|a d
040 ## - CATALOGING SOURCE
- Original cataloging agency: BD-RjUL
- Transcribing agency: BD-RjUL
100 ## - HEADING--PERSONAL NAME
- Personal name: Huart, Clément,
- Dates associated with a name: 1854-1926
670 ## - SOURCE DATA FOUND
- Source citation: Work cat.: (BD-RjUL)83157: نفسي, سید ;;; Nafīsī, Saʻīd, 1895-1966. 11911, تاریخ تمدن ايران ساسانے ;; Tārīkh-i tamaddun-i Īrān-i Sāsānī, 1331- [1952-